00399nam a2200157Ia 45000010006000000050017000060080041000230410008000640820017000721000023000892450070001122600009001823000034001916500008002256540008002331336120260306164755.0260306t2015||||xx |||||||||||||| ||spa|| aESP a001.42bY958 aYnoub, RoxanaeAUT 0aCuestión de método:baportes para una metodología crítica c2015 axxii, 393 páginas :c24 cm. aGEN aCHU